Statistiken für Kürzeste Ländernamen

Klicken Sie hier um das Quiz zu spielen!

Allgemein

  • Dieses Quiz wurde 995 mal gespielt
  • Das Durchschnittsergebnis liegt bei 40 aus 57

Antwortstatistiken

AntwortLänge% Korrekt
China5
89%
Irak4
89%
Iran4
89%
Japan5
88%
Oman4
88%
Mali4
87%
Chile5
86%
Jemen5
85%
Peru4
85%
Togo4
85%
Kuba4
84%
Laos4
84%
Malta5
79%
Polen5
79%
Haiti5
78%
Island6
78%
Ghana5
77%
Irland6
77%
Niger5
77%
Nepal5
74%
Zypern6
74%
Indien6
73%
Sudan5
73%
Benin5
72%
Katar5
71%
Bhutan6
70%
Israel6
70%
Kenia5
70%
Gambia6
68%
Tonga5
67%
Tschad6
67%
Angola6
66%
Kanada6
66%
Ruanda6
66%
Sambia6
66%
Ungarn6
66%
Gabun5
65%
Syrien6
65%
Türkei6
65%
Kosovo6
64%
Nauru5
64%
Palau5
64%
Uganda6
64%
Belize6
63%
Mexiko6
63%
Samoa5
63%
Brunei6
62%
Guinea6
62%
Kuwait6
61%
Monaco6
61%
Panama6
59%
Taiwan6
59%
Libyen6
57%
Guyana6
55%
Tuvalu6
55%
Malawi6
50%
Birma5
30%

Verteilung der Resultate

Perzentil nach korrekt beantworteten Fragen

Anzahl Personen mit jedem Resultat

Ihre Resultats-Entwicklung

Sie haben dieses Quiz noch nicht gespielt